El fondín de Querendina
Saved in:
| Hovedforfatter: | |
|---|---|
| Format: | Bog |
| Sprog: | spansk |
| Udgivet: |
Valparaíso
s.n
2000
|
| Fag: | |
| Tags: |
Tilføj Tag
Ingen Tags, Vær først til at tagge denne postø!
|
MARC
| LEADER | 00000nam a2200000 a 4500 | ||
|---|---|---|---|
| 001 | UCN9611 | ||
| 003 | CL-VaPUC | ||
| 008 | 011207e20000000cl |||||||||||||||||spa|d | ||
| 082 | 0 | 4 | |a Ar861 |b COR |2 21 |
| 100 | 0 | |a Cordero Pastor, Juan |e author |9 466168 | |
| 245 | 1 | 3 | |a El fondín de Querendina |
| 300 | |a 125 p | ||
| 942 | |c BK | ||
| 945 | |d 20011207 00:00:00 |a crobeson | ||
| 260 | |a Valparaíso |b s.n |c 2000 | ||
| 650 | 0 | |a Poesía argentina |9 265575 | |
| 650 | 0 | |a Literatura argentina |9 320596 | |
| 583 | |a last modification |c 20180109 10:08:30 |k Rodrigo Vera | ||
| 999 | |c 298912 |d 298910 | ||
| 952 | |0 0 |1 0 |4 0 |6 AR_861_000000000000000_COR_2000 |7 0 |8 A |9 354917 |a BIBING |b BIBING |d 2019-11-21 |i 3707067 |o Ar861 COR 2000 |p 3707067 |r 2025-01-20 |w 2019-11-21 |y BK |k CUI | ||
| 952 | |0 0 |1 0 |4 0 |6 AR_861_000000000000000_COR_2000 |7 0 |8 A |9 354918 |a BIBING |b BIBING |d 2019-11-21 |i 3723895 |o Ar861 COR 2000 |p 3723895 |r 2025-01-20 |w 2019-11-21 |y BK |k CUI | ||
| 952 | |0 0 |1 0 |4 0 |6 AR_861_000000000000000_COR_2000 |7 0 |8 A |9 354919 |a BIBING |b BIBING |d 2019-11-21 |i 3723909 |o Ar861 COR 2000 |p 3723909 |r 2023-03-02 |w 2019-11-21 |y BK |k CUI | ||
| 952 | |0 0 |1 0 |4 0 |6 AR_861_000000000000000_COR_2000 |7 0 |8 A |9 354920 |a BIBEDU |b BIBEDU |d 2019-11-21 |i 4189906 |o Ar861 COR 2000 |p 4189906 |r 2019-11-21 |w 2019-11-21 |y BK |k LIT | ||